[Event "4NCL/Div1c/GUI2 vs. GUI1"]
[Site "Hinckley Island ENG"]
[Date "2009.03.22"]
[Round "8.5"]
[White "Shaw, John K"]
[Black "Hebden, Mark L"]
[Result "1-0"]
[WhiteElo "2464"]
[BlackElo "2522"]
[PlyCount "95"]
[EventDate "2009.03.22"]
[EventType "team"]
[EventRounds "11"]
[EventCountry "ENG"]
[SourceDate "2008.10.04"]

1. e4 e5 2. Nf3 Nc6 3. Bb5 a6 4. Bxc6 dxc6 5. O-O Bd6 6. d4 exd4 7. Qxd4 f6 8.
Be3 Ne7 9. Nbd2 Be6 10. Qc3 Ng6 11. Nd4 Qd7 12. Nxe6 Qxe6 13. Qb3 Qxb3 14. axb3
O-O-O 15. Rfd1 h5 16. Nc4 Bb4 17. c3 Be7 18. Kf1 h4 19. Rxd8+ Rxd8 20. Ke2 Rh8
21. f4 Nf8 22. Rd1 g6 23. f5 gxf5 24. exf5 Nd7 25. Bf4 Rh5 26. Kf3 Rxf5 27. Re1
Bd8 28. Kg4 Rd5 29. Kxh4 Nc5 30. b4 Nd3 31. Rf1 b5 32. Ne3 Rd7 33. Nf5 Nxf4 34.
Rxf4 Rd2 35. Kg3 c5 36. h4 cxb4 37. cxb4 c6 38. Rf2 Bc7+ 39. Kf3 Rd3+ 40. Kg4
Rb3 41. h5 Rxb4+ 42. Kh3 Re4 43. h6 Re8 44. Kg4 a5 45. Kh5 a4 46. h7 Be5 47.
Ne7+ Kd7 48. Ng8 1-0

[Event "4NCL/Div1c/GUI2 vs. GUI1"]
[Site "Hinckley Island ENG"]
[Date "2009.03.22"]
[Round "8.6"]
[White "Conquest, Stuart C"]
[Black "Buckley, Graeme"]
[Result "1/2-1/2"]
[WhiteElo "2531"]
[BlackElo "2399"]
[Annotator ",MalcolmArmstrong"]
[PlyCount "141"]
[EventDate "2009.03.22"]
[EventType "team"]
[EventRounds "11"]
[EventCountry "ENG"]
[SourceDate "2008.10.04"]

1. d4 Nf6 2. c4 e6 3. Nf3 b6 4. g3 Ba6 5. Qa4 Bb7 6. Bg2 c5 7. dxc5 bxc5 8. O-O
Be7 9. Nc3 O-O 10. Rd1 d6 11. Bf4 a6 12. Rd2 Qc7 13. Rad1 Rd8 14. h3 Nc6 15.
Ng5 h6 16. Nge4 Nxe4 17. Bxe4 Nd4 18. Kh2 Rab8 19. b3 Bxe4 20. Nxe4 f5 21. Nc3
g5 22. Be3 Bf6 23. Rd3 h5 24. Qa3 Kh7 25. Qc1 Rg8 26. Rg1 Rg6 27. Qd1 Rbg8 28.
Nb1 Be5 29. Nd2 h4 30. Bxd4 hxg3+ 31. fxg3 cxd4 32. Nf3 g4 33. Nxe5 dxe5 34. h4
R8g7 35. Qf1 f4 36. Qg2 Rh6 37. Qe4+ Kh8 38. Kg2 Rf7 39. Rf1 Rhf6 40. Rf2 Kg7
41. h5 Rf5 42. gxf4 Qe7 43. Kg1 Qh4 44. h6+ Kh8 45. Qh1 Qf6 46. fxe5 Qg5 47.
Rxf5 Rxf5 48. Qa8+ Kh7 49. Qa7+ Kxh6 50. Qxd4 Qc1+ 51. Rd1 Qg5 52. Qd2 Rf4 53.
Kg2 Kg7 54. Kg3 Rf5 55. Qxg5+ Rxg5 56. Rd6 Rxe5 57. Rxa6 Re4 58. Rb6 Kg6 59. a4
Kf5 60. Rb5+ e5 61. Kf2 Rf4+ 62. Kg3 Re4 63. a5 Rxe2 64. a6 Ra2 65. Rb6 Ra5 66.
Kh4 Ra1 67. Kg3 Ra5 68. b4 Ra3+ 69. Kg2 Ra2+ 70. Kf1 g3 71. b5 {
remainder of game not recorded} 1/2-1/2

[Event "4NCL/Div1c/GUI2 vs. GUI1"]
[Site "Hinckley Island ENG"]
[Date "2009.03.22"]
[Round "8.8"]
[White "Lalic, Susan"]
[Black "Sandu, Mihaela"]
[Result "1/2-1/2"]
[WhiteElo "2340"]
[BlackElo "2285"]
[PlyCount "27"]
[EventDate "2009.03.22"]
[EventType "team"]
[EventRounds "11"]
[EventCountry "ENG"]
[SourceDate "2008.10.04"]

1. e4 c5 2. Nc3 Nc6 3. g3 g6 4. Bg2 Bg7 5. d3 d6 6. Be3 e5 7. Qd2 Nge7 8. f4
Nd4 9. Nd1 f5 10. c3 Ne6 11. Ne2 O-O 12. O-O Rb8 13. Nf2 b6 14. fxe5 1/2-1/2

[Event "4NCL/Div1d/NWE1 vs. SWD1"]
[Site "Hinckley Island ENG"]
[Date "2009.03.22"]
[Round "8.1"]
[White "Lyell, Mark"]
[Black "Cobb, James E"]
[Result "1-0"]
[WhiteElo "2287"]
[BlackElo "2440"]
[PlyCount "67"]
[EventDate "2009.03.22"]
[EventType "team"]
[EventRounds "11"]
[EventCountry "ENG"]
[SourceDate "2008.10.04"]

1. e4 e6 2. d4 d5 3. e5 c5 4. c3 Nc6 5. Nf3 Bd7 6. Be2 Nge7 7. Na3 cxd4 8. cxd4
Ng6 9. h4 Be7 10. h5 Nh4 11. Nxh4 Bxh4 12. Nc2 Be7 13. h6 g6 14. Bd2 f6 15.
exf6 Bxf6 16. Bc3 O-O 17. Qd3 Qb6 18. Rd1 a5 19. a3 Na7 20. Bg4 Rae8 21. Qd2
Bb5 22. Bxa5 Qa6 23. Bc3 e5 24. Ne3 Nc6 25. dxe5 Nxe5 26. Be2 d4 27. Bxd4 Nc4
28. Bxc4+ Bxc4 29. Qc3 b5 30. Bxf6 Rxf6 31. Rh4 Qc6 32. Rf4 Ref8 33. Rxf6 Rxf6
34. Rd8+ 1-0

[Event "4NCL/Div1d/NWE1 vs. SWD1"]
[Site "Hinckley Island ENG"]
[Date "2009.03.22"]
[Round "8.2"]
[White "Cooper, John G"]
[Black "Morrison, Graham"]
[Result "0-1"]
[WhiteElo "2362"]
[BlackElo "2342"]
[PlyCount "94"]
[EventDate "2009.03.22"]
[EventType "team"]
[EventRounds "11"]
[EventCountry "ENG"]
[SourceDate "2008.10.04"]

1. c4 c5 2. g3 g6 3. Bg2 Bg7 4. Nc3 Nc6 5. a3 b6 6. e3 Bb7 7. Nge2 Qc8 8. O-O
Ne5 9. b3 Bxg2 10. Kxg2 Qb7+ 11. f3 g5 12. e4 Nd3 13. Qc2 Nxc1 14. Raxc1 h5 15.
Rcd1 Nf6 16. d4 g4 17. Qd3 Rh6 18. d5 d6 19. f4 Nd7 20. b4 a6 21. Rb1 Qc7 22.
Nd1 O-O-O 23. Ne3 e6 24. Qc2 Kb8 25. Rb3 Ka7 26. Rfb1 Bd4 27. bxc5 Bxc5 28. Qd2
Nf6 29. Nd4 Nxe4 30. Qd3 Bxd4 31. Qxd4 Nc5 32. Rxb6 Qxb6 33. Rxb6 Kxb6 34. Qg7
Rhh8 35. Qxf7 Rd7 36. Qf6 Re8 37. Qg6 Rdd8 38. Qxh5 e5 39. f5 Ka5 40. Qxg4 Rb8
41. Qe2 Rb3 42. h4 Rg8 43. f6 Rf8 44. Ng4 Ka4 45. h5 Kxa3 46. Kh3 a5 47. h6 a4
0-1

[Event "4NCL/Div1d/NWE1 vs. SWD1"]
[Site "Hinckley Island ENG"]
[Date "2009.03.22"]
[Round "8.3"]
[White "Coates, Kenneth G"]
[Black "Dineley, Richard D P"]
[Result "1/2-1/2"]
[WhiteElo "2234"]
[BlackElo "2275"]
[PlyCount "32"]
[EventDate "2009.03.22"]
[EventType "team"]
[EventRounds "11"]
[EventCountry "ENG"]
[SourceDate "2008.10.04"]

1. e4 c5 2. c3 e6 3. d4 d5 4. exd5 exd5 5. Be3 cxd4 6. Bxd4 Nc6 7. Nf3 Nh6 8.
Nbd2 Nf5 9. Nb3 Be7 10. Bd3 O-O 11. O-O Nfxd4 12. Nbxd4 Bf6 13. Qc2 g6 14. Rfe1
Bg4 15. h3 Bxf3 16. Nxf3 Qb6 1/2-1/2

[Event "4NCL/Div1d/NWE1 vs. SWD1"]
[Site "Hinckley Island ENG"]
[Date "2009.03.22"]
[Round "8.4"]
[White "Morris, Charles F"]
[Black "Hague, Ben"]
[Result "0-1"]
[WhiteElo "2189"]
[BlackElo "2282"]
[PlyCount "26"]
[EventDate "2009.03.22"]
[EventType "team"]
[EventRounds "11"]
[EventCountry "ENG"]
[SourceDate "2008.10.04"]

1. c4 Nc6 2. g3 d5 3. Bg2 d4 4. e3 e5 5. Qh5 Qf6 6. Be4 Nh6 7. h3 Bf5 8. Bxf5
Nxf5 9. Qf3 dxe3 10. dxe3 Nb4 11. Na3 Nd3+ 12. Ke2 O-O-O 13. Nb5 e4 0-1

[Event "4NCL/Div1d/NWE1 vs. SWD1"]
[Site "Hinckley Island ENG"]
[Date "2009.03.22"]
[Round "8.5"]
[White "Redmond, John"]
[Black "Zeidler, Sven P"]
[Result "1-0"]
[WhiteElo "2207"]
[BlackElo "2231"]
[PlyCount "63"]
[EventDate "2009.03.22"]
[EventType "team"]
[EventRounds "11"]
[EventCountry "ENG"]
[SourceDate "2008.10.04"]

1. c4 f5 2. Nc3 Nf6 3. d4 g6 4. h4 d6 5. h5 Nxh5 6. e4 Nf6 7. Bd3 Nc6 8. exf5
Bxf5 9. Bxf5 gxf5 10. Bg5 Bg7 11. d5 Ne5 12. Nge2 Ne4 13. Nxe4 fxe4 14. Nf4
Nd3+ 15. Nxd3 exd3 16. Qh5+ Kf8 17. Bh6 Qe8 18. Bxg7+ Kxg7 19. Qh6+ Kf7 20.
Qf4+ Kg7 21. Rh3 e5 22. Qg5+ Qg6 23. Qe7+ Kg8 24. Rg3 Rf8 25. O-O-O Rxf2 26.
Rxg6+ hxg6 27. Rxd3 Rh2 28. Rd2 Rxd2 29. Kxd2 Rxg2+ 30. Kc3 Rg3+ 31. Kb4 g5 32.
Qxc7 1-0

[Event "4NCL/Div1d/NWE1 vs. SWD1"]
[Site "Hinckley Island ENG"]
[Date "2009.03.22"]
[Round "8.6"]
[White "Smith, Jeffrey R"]
[Black "Hulmes, David I"]
[Result "0-1"]
[WhiteElo "2209"]
[BlackElo "2219"]
[PlyCount "71"]
[EventDate "2009.03.22"]
[EventType "team"]
[EventRounds "11"]
[EventCountry "ENG"]
[SourceDate "2008.10.04"]

1. e4 e5 2. Nc3 Nc6 3. Bc4 Nf6 4. d3 Na5 5. Nge2 Nxc4 6. dxc4 Bc5 7. f3 d6 8.
Qd3 Be6 9. Bd2 a6 10. Nd5 Nxd5 11. cxd5 Bd7 12. b4 Ba7 13. a4 O-O 14. Be3 Bxe3
15. Qxe3 f5 16. c4 fxe4 17. fxe4 Qe8 18. a5 Qg6 19. Ng3 h5 20. h4 Rf4 21. O-O-O
Rg4 22. Rd3 Rf8 23. Qe1 Rff4 24. Re3 Kh7 25. Rg1 Rxh4 26. Nf5 Bxf5 27. g3 Rhg4
28. exf5 Rxc4+ 29. Rc3 Qg5+ 30. Kd1 Rgd4+ 31. Kc2 Qxf5+ 32. Kb3 Rxb4+ 33. Ka2
Ra4+ 34. Kb2 Rxd5 35. Rxc7 Rb5+ 36. Kc3 0-1

[Event "4NCL/Div1d/NWE1 vs. SWD1"]
[Site "Hinckley Island ENG"]
[Date "2009.03.22"]
[Round "8.7"]
[White "Jaunooby, Ali"]
[Black "James, David J"]
[Result "1-0"]
[WhiteElo "2162"]
[BlackElo "2123"]
[PlyCount "81"]
[EventDate "2009.03.22"]
[EventType "team"]
[EventRounds "11"]
[EventCountry "ENG"]
[SourceDate "2008.10.04"]

1. d4 Nf6 2. c4 e6 3. Nc3 Bb4 4. Bg5 c5 5. d5 d6 6. f3 h6 7. Bh4 exd5 8. cxd5
O-O 9. e4 Re8 10. Be2 a6 11. g4 Qe7 12. a3 Bxc3+ 13. bxc3 h5 14. h3 Nbd7 15.
Qc1 Ne5 16. gxh5 Ned7 17. h6 g6 18. Qf4 b5 19. a4 b4 20. cxb4 cxb4 21. Rc1 b3
22. Rh2 Rb8 23. Bc4 Qd8 24. Kf1 b2 25. Rb1 Qc7 26. Bxf6 Qxc4+ 27. Re2 Nf8 28.
Bxb2 Nh7 29. Rc1 Qxa4 30. Rc7 Bd7 31. Kg2 Rb6 32. Qc1 Rb3 33. Ra7 Qb5 34. Bg7
Rb1 35. Qd2 Rc8 36. Rf2 Be8 37. Ne2 Qb6 38. Bd4 Qb5 39. Nc3 Qb3 40. Nxb1 Qxb1
41. Bb2 1-0

[Event "4NCL/Div1d/NWE1 vs. SWD1"]
[Site "Hinckley Island ENG"]
[Date "2009.03.22"]
[Round "8.8"]
[White "Wilson, Julie"]
[Black "Grigoryan-Lyell, Meri"]
[Result "0-1"]
[WhiteElo "1916"]
[BlackElo "2092"]
[PlyCount "36"]
[EventDate "2009.03.22"]
[EventType "team"]
[EventRounds "11"]
[EventCountry "ENG"]
[SourceDate "2008.10.04"]

1. d4 d5 2. c4 Nc6 3. Nf3 Bg4 4. e3 e5 5. cxd5 Qxd5 6. Be2 exd4 7. O-O O-O-O 8.
Qa4 Nf6 9. Rd1 Bc5 10. Nc3 Qh5 11. exd4 Bb6 12. h3 Bd7 13. Qa3 Rhe8 14. Ne5 Qh4
15. Nxf7 Nxd4 16. Bd3 Nc2 17. Bxc2 Qxf2+ 18. Kh2 Ng4+ 0-1

[Event "4NCL/Div1d/BRI1 vs. CAMB1"]
[Site "Hinckley Island ENG"]
[Date "2009.03.22"]
[Round "8.1"]
[White "Rudd, Jack"]
[Black "Pinter, Gabor"]
[Result "0-1"]
[WhiteElo "2334"]
[BlackElo "2355"]
[PlyCount "80"]
[EventDate "2009.03.22"]
[EventType "team"]
[EventRounds "11"]
[EventCountry "ENG"]
[SourceDate "2008.10.04"]

1. d4 d5 2. c4 c6 3. Nf3 Nf6 4. Nc3 a6 5. e3 g6 6. Be2 Bg7 7. O-O O-O 8. a4 a5
9. Qb3 e6 10. Qc2 Na6 11. Bd2 b6 12. Rad1 Bb7 13. e4 c5 14. exd5 exd5 15. dxc5
Nb4 16. Qb3 d4 17. c6 Bxc6 18. Be3 d3 19. Bxd3 Nxd3 20. Ne2 Bxa4 21. Qxa4 Nxb2
22. Rxd8 Nxa4 23. Rd3 Ne4 24. Rc1 Rfd8 25. Nfd4 Rac8 26. Nc6 Re8 27. Na7 Nb2
28. Rd7 Rxc4 29. Rb1 a4 30. Nb5 Rb4 31. Nc7 Rc8 32. Nd5 Nf6 33. Ne7+ Kf8 34.
Ra7 Re8 35. Nc6 Rc4 36. Rxb2 Rxc6 37. Rxa4 Nd5 38. Rb3 Nxe3 39. fxe3 Bh6 40.
Kf2 Rf6+ 0-1

[Event "4NCL/Div1d/BRI1 vs. CAMB1"]
[Site "Hinckley Island ENG"]
[Date "2009.03.22"]
[Round "8.2"]
[White "Dearing, Eddie"]
[Black "Cobb, Charles"]
[Result "1-0"]
[WhiteElo "2394"]
[BlackElo "2397"]
[PlyCount "65"]
[EventDate "2009.03.22"]
[EventType "team"]
[EventRounds "11"]
[EventCountry "ENG"]
[SourceDate "2008.10.04"]

1. d4 e6 2. c4 Nf6 3. Nc3 Bb4 4. Qc2 c5 5. dxc5 Na6 6. a3 Qa5 7. Bd2 Nxc5 8.
O-O-O Bxc3 9. Bxc3 Qa6 10. Be5 b6 11. f3 Bb7 12. e3 Bc6 13. Qc3 Ba4 14. Re1 Ke7
15. b4 Nb7 16. Kb2 b5 17. c5 Rac8 18. Rc1 d6 19. Bxf6+ gxf6 20. c6 Rc7 21. Ne2
Nd8 22. Nd4 e5 23. Nf5+ Ke6 24. Qd3 Rxc6 25. Rxc6 Qxc6 26. Be2 d5 27. Rc1 Qd7
28. Rc5 Nc6 29. Ng7+ Ke7 30. Rxd5 Qc8 31. Nf5+ Kf8 32. Rd6 Rg8 33. Rxc6 1-0

[Event "4NCL/Div1d/BRI1 vs. CAMB1"]
[Site "Hinckley Island ENG"]
[Date "2009.03.22"]
[Round "8.3"]
[White "Beaumont, Chris"]
[Black "Mah, Karl C C"]
[Result "1/2-1/2"]
[WhiteElo "2308"]
[BlackElo "2404"]
[PlyCount "42"]
[EventDate "2009.03.22"]
[EventType "team"]
[EventRounds "11"]
[EventCountry "ENG"]
[SourceDate "2008.10.04"]

1. d4 e6 2. c4 Nf6 3. Nf3 b6 4. e3 Bb7 5. Bd3 c5 6. O-O d6 7. Nc3 Nbd7 8. Bc2
Be7 9. d5 exd5 10. cxd5 Ba6 11. Re1 b5 12. a4 b4 13. Ne2 O-O 14. Ng3 g6 15. e4
Re8 16. Bf4 Bf8 17. b3 Ng4 18. Bd3 Qb6 19. Bxa6 Qxa6 20. Nf1 Bg7 21. Rc1 Nge5
1/2-1/2

[Event "4NCL/Div1d/BRI1 vs. CAMB1"]
[Site "Hinckley Island ENG"]
[Date "2009.03.22"]
[Round "8.4"]
[White "Moskovic, David M"]
[Black "Sherwin, James T"]
[Result "1/2-1/2"]
[WhiteElo "2307"]
[BlackElo "2232"]
[PlyCount "185"]
[EventDate "2009.03.22"]
[EventType "team"]
[EventRounds "11"]
[EventCountry "ENG"]
[SourceDate "2008.10.04"]

1. d4 Nf6 2. c4 e6 3. Nc3 d5 4. cxd5 exd5 5. Bg5 Be7 6. e3 c6 7. Bd3 Ne4 8.
Bxe7 Qxe7 9. Bxe4 dxe4 10. Qc2 Bf5 11. Nge2 O-O 12. Ng3 Bg6 13. h4 h6 14. h5
Bh7 15. O-O Nd7 16. Ngxe4 Rae8 17. f3 f5 18. Qb3+ Kh8 19. Nf2 Qxe3 20. Qxb7 Nf6
21. Qxc6 Qxd4 22. Rad1 Qh4 23. Nh3 Nxh5 24. f4 Ng3 25. Rf3 Ne4 26. Rfd3 Rc8 27.
Qd5 Bg8 28. Qa5 Nc5 29. R3d2 a6 30. Qb4 Rfe8 31. Rd4 Qg3 32. Nf2 Ne6 33. R1d3
Qh4 34. Rh3 Qf6 35. Rd6 Rb8 36. Qa3 Qf8 37. Nd5 Rxb2 38. Rxa6 Qxa3 39. Raxa3
Nd4 40. Ne3 Ne2+ 41. Kh2 Nxf4 42. Rf3 g5 43. g3 Bd5 44. Ned1 Rd2 45. gxf4 Bxf3
46. Rxf3 g4 47. Rd3 Rxd3 48. Nxd3 Re2+ 49. N1f2 Rxa2 50. Kg3 Kg7 51. Ne5 Re2
52. Nfd3 Kf6 53. Nb4 Re3+ 54. Kf2 Rb3 55. Nd5+ Ke6 56. Nc7+ Kd6 57. Ne8+ Kd5
58. Nf6+ Ke6 59. Nh5 Rb7 60. Kg2 Rb2+ 61. Kg3 Rb3+ 62. Kf2 Rb7 63. Kg2 Ra7 64.
Kf2 Kd5 65. Nf6+ Kc5 66. Ng8 Ra2+ 67. Kg3 Ra3+ 68. Kf2 Kd5 69. Nf6+ Kd4 70.
Nc6+ Kc5 71. Ne5 Rh3 72. Kg2 Kd4 73. Ng6 Rf3 74. Ng8 h5 75. Nf6 h4 76. Nxh4
Rxf4 77. Nh5 Re4 78. Nxf5+ Ke5 79. Nfg3 Ra4 80. Kf2 Ra3 81. Nf1 Kf5 82. Nhg3+
Kg5 83. Ne3 Kh4 84. Ng2+ Kh3 85. Nf4+ Kh4 86. Ng2+ Kg5 87. Ne4+ Kf5 88. Ng3+
Ke5 89. Ne3 Ra2+ 90. Ne2 Ke4 91. Nxg4 Kd3 92. Ne5+ Ke4 93. Nf3 1/2-1/2

[Event "4NCL/Div1d/BRI1 vs. CAMB1"]
[Site "Hinckley Island ENG"]
[Date "2009.03.22"]
[Round "8.5"]
[White "Buckley, David E"]
[Black "Gara, Anita"]
[Result "0-1"]
[WhiteElo "2245"]
[BlackElo "2318"]
[PlyCount "152"]
[EventDate "2009.03.22"]
[EventType "team"]
[EventRounds "11"]
[EventCountry "ENG"]
[SourceDate "2008.10.04"]

1. d4 d5 2. c4 e6 3. Nc3 c5 4. cxd5 exd5 5. Nf3 Nc6 6. g3 Nf6 7. Bg2 Be7 8. O-O
O-O 9. Bg5 cxd4 10. Nxd4 h6 11. Be3 Re8 12. Rc1 Bg4 13. h3 Be6 14. Nxc6 bxc6
15. Na4 Qd7 16. Kh2 Bf5 17. Nc5 Bxc5 18. Bxc5 Ne4 19. e3 Rab8 20. Qd4 Rb7 21.
b3 Ng5 22. h4 Ne4 23. Ba3 Rc8 24. f3 Nd6 25. Bxd6 Qxd6 26. e4 Be6 27. f4 Rb4
28. Qd2 c5 29. exd5 Rd4 30. Qe3 Bxd5 31. Qxd4 cxd4 32. Rxc8+ Kh7 33. Bxd5 Qxd5
34. Rc2 Kg6 35. f5+ Kf6 36. b4 d3 37. Rd2 Ke5 38. Rfd1 Ke4 39. a4 Qb3 40. a5
Qxb4 41. Rxd3 Qxa5 42. Rd7 Qb5 43. Kg2 Qe2+ 44. Kh3 Qa2 45. Re7+ Kxf5 46. Rf1+
Kg6 47. h5+ Kxh5 48. Rfxf7 g5 49. g4+ Kg6 50. Rg7+ Kf6 51. Rxa7 Qb3+ 52. Kg2
Qc2+ 53. Kg3 Qd3+ 54. Kg2 Qe4+ 55. Kf2 Qf4+ 56. Ke1 Qxg4 57. Rgb7 Qe6+ 58. Kf2
h5 59. Rb5 h4 60. Rab7 Qa2+ 61. Kf3 Qa3+ 62. Rb3 Qf8 63. Rb8 Qf7 64. R3b5 Kg6+
65. Kg2 Kh5 66. Rh8+ Kg4 67. Rb4+ Kf5 68. Rhb8 Qd5+ 69. Kf2 Qd2+ 70. Kf1 h3 71.
R4b5+ Kg4 72. Rb4+ Kh5 73. Rh8+ Kg6 74. Rb6+ Kf5 75. Rbh6 Qg2+ 76. Ke1 g4 0-1

[Event "4NCL/Div1d/BRI1 vs. CAMB1"]
[Site "Hinckley Island ENG"]
[Date "2009.03.22"]
[Round "8.6"]
[White "Quist, Sven Roy"]
[Black "Dilleigh, Stephen P"]
[Result "1/2-1/2"]
[WhiteElo "2136"]
[BlackElo "2151"]
[PlyCount "148"]
[EventDate "2009.03.22"]
[EventType "team"]
[EventRounds "11"]
[EventCountry "ENG"]
[SourceDate "2008.10.04"]

1. c4 e6 2. Nf3 Nf6 3. g3 d5 4. Bg2 Be7 5. O-O O-O 6. d4 c6 7. b3 Nbd7 8. Nc3
b6 9. Qc2 Ba6 10. Na4 c5 11. dxc5 Nxc5 12. Nxc5 Bxc5 13. Rd1 Rc8 14. Bb2 h6 15.
Ne5 Qe7 16. Rac1 b5 17. e3 Bd6 18. Qd2 bxc4 19. Qa5 Qb7 20. Nxc4 Bxc4 21. Bxf6
Be2 22. Bd4 Bxd1 23. Rxd1 Bb4 24. Qa4 Bc3 25. Bf1 Bxd4 26. Rxd4 Rc1 27. Kg2 e5
28. Ba6 Qa8 29. Rb4 Qc6 30. Bb5 Qc3 31. Rg4 Qc5 32. Qa6 Qb6 33. Ra4 Rb8 34. Bf1
Qxa6 35. Rxa6 Rb7 36. Rd6 Rc5 37. Bd3 Kf8 38. e4 d4 39. Bc4 Ke7 40. Ra6 Rd7 41.
Kf1 Rcc7 42. Ke2 Rd6 43. Ra5 f6 44. f4 exf4 45. gxf4 g5 46. e5 fxe5 47. fxe5
Rg6 48. Kd3 g4 49. Kxd4 g3 50. hxg3 Rg4+ 51. Ke3 Rxg3+ 52. Kf4 Rg2 53. Ra6 Rf2+
54. Kg4 h5+ 55. Kg5 Ke8 56. Re6+ Re7 57. Kxh5 Rxe6 58. Bxe6 Ke7 59. Bc4 Rf5+
60. Kg4 Rxe5 61. Kf4 Kd6 62. a4 a5 63. Bg8 Re8 64. Bc4 Kc5 65. Bb5 Re7 66. Bc4
Kd4 67. Kf3 Re3+ 68. Kf2 Re7 69. Bb5 Kc3 70. Bc4 Kd2 71. Kf3 Re8 72. Kf4 Kc3
73. Kf3 Rb8 74. Ke4 Rxb3 1/2-1/2

[Event "4NCL/Div1d/BRI1 vs. CAMB1"]
[Site "Hinckley Island ENG"]
[Date "2009.03.22"]
[Round "8.7"]
[White "Collier, David O"]
[Black "Churm, Rohan M"]
[Result "1/2-1/2"]
[WhiteElo "2083"]
[BlackElo "2192"]
[PlyCount "95"]
[EventDate "2009.03.22"]
[EventType "team"]
[EventRounds "11"]
[EventCountry "ENG"]
[SourceDate "2008.10.04"]

1. d4 e6 2. e4 d5 3. e5 c5 4. c3 Nc6 5. Nf3 Qb6 6. a3 c4 7. Nbd2 Na5 8. g3 Bd7
9. Bh3 O-O-O 10. O-O Be7 11. Rb1 Qc7 12. Ne1 f5 13. exf6 gxf6 14. Qh5 Bd6 15.
Ng2 e5 16. Nf3 Nc6 17. Re1 Nge7 18. Ne3 Bxh3 19. Qxh3+ Qd7 20. Qxd7+ Rxd7 21.
b3 cxb3 22. Rxb3 e4 23. Nh4 a6 24. f3 exf3 25. Nxf3 Na5 26. Rb1 Rc7 27. Bd2 h5
28. Nh4 Kd7 29. a4 Rf8 30. Nhf5 Nxf5 31. Nxf5 Rc4 32. Ne3 Rxa4 33. Nxd5 Nc4 34.
Bh6 Rb8 35. Nxf6+ Kc6 36. Re6 b5 37. Bf4 Rd8 38. Nxh5 Ra3 39. Rc1 a5 40. Nf6 a4
41. d5+ Kb7 42. Bxd6 Nxd6 43. Re7+ Kb6 44. Nd7+ Kc7 45. Ne5+ Kb6 46. Nd7+ Kc7
47. Nc5+ Kb6 48. Nd7+ 1/2-1/2

[Event "4NCL/Div1d/BRI1 vs. CAMB1"]
[Site "Hinckley Island ENG"]
[Date "2009.03.22"]
[Round "8.8"]
[White "Pickard, Charles"]
[Black "Yap, Xiu-Huan"]
[Result "1-0"]
[WhiteElo "2207"]
[BlackElo "1776"]
[PlyCount "67"]
[EventDate "2009.03.22"]
[EventType "team"]
[EventRounds "11"]
[EventCountry "ENG"]
[SourceDate "2008.10.04"]

1. c4 Nf6 2. Nf3 g6 3. g3 Bg7 4. Bg2 O-O 5. O-O d6 6. d4 Nbd7 7. Qc2 e5 8. Rd1
Qe7 9. Nc3 c6 10. e4 Re8 11. d5 c5 12. Ne1 a6 13. a3 Rb8 14. Bf1 Ng4 15. Rb1
Rf8 16. f3 Nh6 17. Bd3 Nb6 18. b4 f5 19. bxc5 fxe4 20. Nxe4 Nd7 21. cxd6 Qd8
22. Bg5 Nf6 23. Nxf6+ Rxf6 24. c5 Nf5 25. Qe2 h6 26. Bxf6 Qxf6 27. Rb6 Nd4 28.
Qf2 Bd7 29. Be4 h5 30. Rdb1 h4 31. c6 Bh3 32. c7 hxg3 33. hxg3 Rf8 34. d7 1-0

[Event "4NCL/Div1d/BAR2 vs. RIC"]
[Site "Hinckley Island ENG"]
[Date "2009.03.22"]
[Round "8.1"]
[White "Rogers, Jonathan W"]
[Black "Bates, Richard A"]
[Result "0-1"]
[WhiteElo "2330"]
[BlackElo "2392"]
[PlyCount "74"]
[EventDate "2009.03.22"]
[EventType "team"]
[EventRounds "11"]
[EventCountry "ENG"]
[SourceDate "2008.10.04"]

1. c4 Nf6 2. Nc3 g6 3. e4 d6 4. d4 Bg7 5. f4 c5 6. Nf3 cxd4 7. Nxd4 O-O 8. Be2
Nc6 9. Be3 Bg4 10. Nxc6 Bxe2 11. Qxe2 bxc6 12. O-O Qa5 13. Rfd1 Rab8 14. Rab1
Nh5 15. g3 Bxc3 16. bxc3 Qxc3 17. c5 dxc5 18. e5 Rxb1 19. Rxb1 Rd8 20. Rc1 Qa3
21. Rxc5 Qa4 22. Qc2 Qb4 23. Kf2 Ng7 24. Rxc6 Nf5 25. Rc8 Rxc8 26. Qxc8+ Kg7
27. Qc2 Qb7 28. Qc1 Qd5 29. a3 a6 30. Kg1 h5 31. Bf2 Qf3 32. a4 Nh6 33. Qf1 Ng4
34. Bc5 Qc3 35. Bxe7 Qd4+ 36. Kh1 Ne3 37. Qf2 Qd1+ 0-1

[Event "4NCL/Div1d/BAR2 vs. RIC"]
[Site "Hinckley Island ENG"]
[Date "2009.03.22"]
[Round "8.2"]
[White "Bisby, Daniel L"]
[Black "Piper, Matthew S"]
[Result "0-1"]
[WhiteElo "2304"]
[BlackElo "2287"]
[PlyCount "70"]
[EventDate "2009.03.22"]
[EventType "team"]
[EventRounds "11"]
[EventCountry "ENG"]
[SourceDate "2008.10.04"]

1. e4 e5 2. Bc4 Nf6 3. d3 Bc5 4. Nc3 Nc6 5. f4 d6 6. Nf3 a6 7. h3 h6 8. a3 Be6
9. Nd5 Bxd5 10. exd5 Nd4 11. Nxd4 Bxd4 12. c3 Ba7 13. Qf3 O-O 14. fxe5 dxe5 15.
d4 b5 16. Ba2 exd4 17. O-O dxc3+ 18. Kh1 Bd4 19. bxc3 Be5 20. Be3 Qd6 21. Rad1
Qxa3 22. Bb1 Qxc3 23. Rc1 Qb3 24. Rc5 Rfe8 25. Bc2 Qa3 26. Qf2 Bd6 27. Bd4 Qg3
28. Qg1 Bxc5 29. Bxc5 Ne4 30. Rf3 Qe5 31. Bd4 Ng3+ 32. Kh2 Ne2+ 33. Bxe5 Nxg1
34. Re3 f6 35. Bd4 Ne2 0-1

[Event "4NCL/Div1d/BAR2 vs. RIC"]
[Site "Hinckley Island ENG"]
[Date "2009.03.22"]
[Round "8.3"]
[White "Bigg, Andrew J"]
[Black "Wall, Gavin"]
[Result "1-0"]
[WhiteElo "2285"]
[BlackElo "2302"]
[PlyCount "59"]
[EventDate "2009.03.22"]
[EventType "team"]
[EventRounds "11"]
[EventCountry "ENG"]
[SourceDate "2008.10.04"]

1. d4 f5 2. Nf3 d6 3. Nc3 Nf6 4. Bg5 Nbd7 5. d5 c5 6. Nd2 a6 7. a4 g6 8. e4
fxe4 9. Ndxe4 Bg7 10. Ng3 h6 11. Be3 O-O 12. h3 Qa5 13. Be2 Qb4 14. Ra2 Nb6 15.
O-O Bd7 16. Qd3 Kh7 17. a5 Bb5 18. Nxb5 axb5 19. c3 Qh4 20. Qxb5 Nfxd5 21. Bd2
Ra6 22. axb6 Rxa2 23. Qb3 Qa4 24. Qxd5 Rxb2 25. Be3 Rxb6 26. Bd3 Qb3 27. c4 Qc3
28. Qe4 Qf6 29. Nh5 Qf7 30. Nf4 1-0

[Event "4NCL/Div1d/BAR2 vs. RIC"]
[Site "Hinckley Island ENG"]
[Date "2009.03.22"]
[Round "8.4"]
[White "Muter, Donny"]
[Black "Dorrington, Christopher"]
[Result "1/2-1/2"]
[WhiteElo "2207"]
[BlackElo "2265"]
[PlyCount "88"]
[EventDate "2009.03.22"]
[EventType "team"]
[EventRounds "11"]
[EventCountry "ENG"]
[SourceDate "2008.10.04"]

1. d4 Nf6 2. c4 e6 3. g3 d5 4. Nf3 Bb4+ 5. Bd2 Qe7 6. Bg2 O-O 7. cxd5 exd5 8.
O-O Bd6 9. Nc3 c6 10. Qc2 Nbd7 11. Nh4 Nb6 12. Rae1 h6 13. a4 Bd7 14. b3 Rac8
15. a5 Na8 16. e4 dxe4 17. Nxe4 Nxe4 18. Bxe4 Qd8 19. Nf5 Bxf5 20. Bxf5 Rb8 21.
Re4 Nc7 22. Rg4 Qf6 23. h4 Rfe8 24. h5 a6 25. Re1 Nb5 26. Rxe8+ Rxe8 27. Be3
Rd8 28. Bd3 Bc7 29. Qc1 Kh8 30. Re4 Nd6 31. Rf4 Qe6 32. Bc2 Bxa5 33. Qd1 f5 34.
g4 Bc7 35. Qd3 Qf6 36. Kf1 Rf8 37. gxf5 Bb6 38. Ke1 Rd8 39. Rg4 Nb5 40. Rg6 Qh4
41. f6 Ba5+ 42. Kf1 Qh1+ 43. Rg1 Qh3+ 44. Rg2 Qh1+ 1/2-1/2